Ministrowie Finansów III RP - Statystyki

Ogólne statystyki
  • Ten quiz został rozwiązany 36 razy
  • Średni wynik to 8 z 27
Statystyki odpowiedzi
Obrazkowy Hint Odpowiedź % Poprawnych
1989-1991; 1997-2000 Leszek Balcerowicz
96%
2016-2018; 2020; Prawo i Sprawiedliwość Mateusz Morawiecki
89%
1997; 2001-2002 Marek Belka
82%
2023 -; Platforma Obywatelska Andrzej Domański
61%
2019 Marian Banaś
54%
2006; 2007 Zyta Gilowska
54%
2007-2013; Platforma Obywatelska Jacek Rostowski
50%
1993-1994; Socjaldemokracja Rzeczypospolitej Polskiej Marek Borowski
50%
1992 Andrzej Olechowski
46%
1994-1997; 2002-2003 Grzegorz Kołodko
36%
2013-2015 Mateusz Szczurek
36%
2000-2001 Jarosław Bauc
21%
2015-2016 Paweł Szałamacha
21%
2023; Prawo i Sprawiedliwość Andrzej Kosztowniak
18%
2022-2023 Magdalena Rzeczkowska
18%
2018-2019 Teresa Czerwińska
18%
2019 Jerzy Kwieciński
14%
1992-1993; Unia Demokratyczna Jerzy Osiatyński
14%
2005-2006 Teresa Lubińska
14%
2006 Paweł Wojciechowski
11%
2019-2022 Tadeusz Kościński
11%
2001 Halina Wasilewska-Trenkner
7%
2006 Stanisław Kluza
7%
1991-1992 Karol Lutkowski
4%
2003-2004 Andrzej Raczko
0%
1994 Henryk Chmielak
0%
2004-2005 Mirosław Gronicki
0%
Nie znaleziono quizów pasujących do podanych kryteriów
Rozkład punktacji
Procent ludzi z każdym wynikiem
Percentyl według liczby udzielonych odpowiedzi
Twoja historia wyników
Nie rozwiązałeś tego quizu